| 000 | 00437nam a22001577a 4500 | ||
|---|---|---|---|
| 999 |
_c15441 _d15441 |
||
| 020 | _a9789380235042 | ||
| 082 |
_a631.56 _bGUL/QU |
||
| 100 |
_aGuleria, S P S . _93142 |
||
| 245 | _aQuestion bank in postharvest technology / | ||
| 260 |
_aNew Delhi ; _bNew India Publishing Agency , _c2010 . |
||
| 300 | _a256 ; . | ||
| 700 |
_aVerma, Anil Kumar _93143 |
||
| 700 |
_aKumar, Dharminder _93144 |
||
| 700 |
_aGupta, Anil _93145 |
||
| 942 | _cBK | ||